000 00193 a2200097 4500
020 _a9788434825567
041 _aspa
100 _aCarvajal, Francisco
245 _aEl circo de paco
942 _cBK
999 _c31964
_d31962